A new type of ruthenium carbene complexes with N-chelating ligand; Russian Chemical Bulletin; Vol. 64, iss. 1
| Parent link: | Russian Chemical Bulletin: Scientific Journal Vol. 64, iss. 1.— 2015.— [P. 44-47] |
|---|---|
| Kolejni autorzy: | , , , |
| Streszczenie: | Title screen New ruthenium carbene complexes containing a six-membered N-chelating fragment were synthesized. A catalytic activity of these complexes in the olefin metathesis reactions was demonstrated. Режим доступа: по договору с организацией-держателем ресурса |
| Język: | angielski |
| Wydane: |
2015
|
| Hasła przedmiotowe: | |
| Dostęp online: | http://dx.doi.org/10.1007/s11172-015-0818-5 |
| Format: | Elektroniczne Rozdział |
| KOHA link: | https://koha.lib.tpu.ru/cgi-bin/koha/opac-detail.pl?biblionumber=648447 |
MARC
| LEADER | 00000naa0a2200000 4500 | ||
|---|---|---|---|
| 001 | 648447 | ||
| 005 | 20250221114749.0 | ||
| 035 | |a (RuTPU)RU\TPU\network\13604 | ||
| 090 | |a 648447 | ||
| 100 | |a 20160520d2015 k||y0rusy50 ba | ||
| 101 | 0 | |a eng | |
| 102 | |a US | ||
| 135 | |a drnn ---uucaa | ||
| 181 | 0 | |a i | |
| 182 | 0 | |a b | |
| 200 | 1 | |a A new type of ruthenium carbene complexes with N-chelating ligand |f N. M. Shcheglova [et al.] | |
| 203 | |a Text |c electronic | ||
| 300 | |a Title screen | ||
| 320 | |a [References: p. 47 (11 tit.)] | ||
| 330 | |a New ruthenium carbene complexes containing a six-membered N-chelating fragment were synthesized. A catalytic activity of these complexes in the olefin metathesis reactions was demonstrated. | ||
| 333 | |a Режим доступа: по договору с организацией-держателем ресурса | ||
| 461 | |t Russian Chemical Bulletin |o Scientific Journal | ||
| 463 | |t Vol. 64, iss. 1 |v [P. 44-47] |d 2015 | ||
| 610 | 1 | |a электронный ресурс | |
| 610 | 1 | |a труды учёных ТПУ | |
| 610 | 1 | |a обмен | |
| 610 | 1 | |a стиролы | |
| 610 | 1 | |a карбеновые комплексы | |
| 701 | 1 | |a Shcheglova |b N. M. |g Nadezhda Mikhaylovna | |
| 701 | 1 | |a Kolesnik |b V. D. |g Vasily Dmitrievich | |
| 701 | 1 | |a Ashirov |b R. V. |c organic chemist |c senior researcher of Tomsk Polytechnic University, candidate of chemical Sciences |f 1980- |g Roman Vitaljevich |3 (RuTPU)RU\TPU\pers\35225 |9 18490 | |
| 701 | 1 | |a Krasnokutskaya |b E. A . |c organic chemist |c Professor of Tomsk Polytechnic University, Doctor of chemical sciences |f 1966- |g Elena Aleksandrovna |3 (RuTPU)RU\TPU\pers\31829 |9 15924 | |
| 801 | 2 | |a RU |b 63413507 |c 20160520 |g RCR | |
| 856 | 4 | |u http://dx.doi.org/10.1007/s11172-015-0818-5 | |
| 942 | |c CF | ||